000 00663nam a2200241Ia 4500
005 20260430150029.0
008 008 250103s9999 xx 000 0 eng d
037 _aTheses
040 _aCRL
040 _beng
040 _ceng
041 _2eng
041 _aeng
084 _qCRL
100 _aSunil Kumar Au.; Deshpande Anirudh Gu.
_91236244
245 0 _aCaste, Clan & Politics amongst the Jats of Haryana and Western Uttar Pradesh(c. 1803-2000s)
260 _c2022
300 _a180p.
650 _aHistory
700 _aUniversity of Delhi. Faculty of Social Science. Deptt of History
_91236245
942 _cTH
999 _c1848772
_d1848772